|
|
|
|
| LEADER |
00000cam a2200000 7i4500 |
| 001 |
0000002848 |
| 005 |
20040121.0 |
| 020 |
0 |
0 |
|a 0300062346
|
| 090 |
0 |
0 |
|a 333.75160959
|b ECO 1995
|
| 245 |
0 |
0 |
|a ECOLOGY, conservation, and management of Southeast Asian rainforests
|c edited by Richard B. Primack and Thomas E. Lovejoy
|
| 260 |
0 |
0 |
|a New Haven; London :
|b Yale University Press ,
|c 1995
|
| 300 |
|
|
|a 304 p. :
|b ill. ;
|c 30 cm.
|
| 500 |
0 |
0 |
|a Includes bibliographical references and index
|
| 650 |
0 |
0 |
|a Rain forest conservation
|z Asia, Southeastern
|
| 650 |
0 |
0 |
|a Rain forest ecology
|z Asia, Southeastern
|
| 650 |
0 |
0 |
|a Rain forests
|z Asia, Southeastern
|x Management
|
| 700 |
0 |
1 |
|a Lovejoy
|h Thomas E.
|
| 700 |
0 |
1 |
|a Primack
|h Richard B. ,
|c 1950-
|
| 998 |
|
|
|a JPSM
|
| 999 |
|
|
|a 0000004717
|b Monograph
|c Open Shelf
|e Default branch
|